000
00380nam a2200169Ia 4500
008
240830s1901 xx 000 0 und d
041
_a
eng
082
_a
611
100
_a
WILLIAMS/WARWICK
245
_a
GRAY S ANATOMY
250
_a
1 ST
260
_b
N.D.
_c
1901
300
_a
1058p
650
_a
ANATOMY
906
_a
GRAYS ANATOMY FOR STUDENTS
999
_c
1190305
_d
1190305